000
00321 a2200157 4500
001
171866
020
_a
040
_c
Magnum
100
_a
Miranda, Orlando
240
1
0
_a
O rosto perdido
_l
por
245
1
0
_a
O rosto perdido
362
0
_a
1899
440
1
_a
Moderna
697
_a
J/ADOLESCENTE, NAMORO
942
_c
BK
999
_c
171866
_d
171866